书目信息 |
| 题名: |
围护机构节能技术新型空调和采暖技术
|
|
| 作者: | 林寿 , 杨嗣信 主编 ;余志成 副主编 | |
| 分册: | ||
| 出版信息: | 北京 中国建筑工业出版社 2009.10 |
|
| 页数: | 183页 | |
| 开本: | 18cm | |
| 丛书名: | 建筑工程新技术从书 | |
| 单 册: | ||
| 中图分类: | TU83-39 , TU111.4 | |
| 科图分类: | ||
| 主题词: | 房屋建筑设备:空气调节设备--fang wu jian zhu she bei kong qi tiao jie she bei--新技术应用 , 房屋建筑设备:采暖设备--fang wu jian zhu she bei cai nuan she bei--新技术应用 , 建筑物--jian zhu wu--围护结构--节能--新技术应用 | |
| 电子资源: | ||
| ISBN: | 978-7-112-11133-6 | |
| 000 | 01354nam 2200301 450 | |
| 001 | 012001000351 | |
| 005 | 20100510091120.84 | |
| 010 | @a978-7-112-11133-6@dCNY16.00 | |
| 100 | @a20100515d2009 km y0chiy0121 eb | |
| 101 | 0 | @achi |
| 102 | @aCN@b110000 | |
| 105 | @aa z 000yy | |
| 200 | 1 | @a围护机构节能技术新型空调和采暖技术@Awei hu ji gou jie neng ji shu xin xing kong diao he cai nuan ji shu@f林寿, 杨嗣信主编@g余志成 … [等] 副主编@Gyu zhi cheng…[deng]fu zhu bian |
| 210 | @a北京@c中国建筑工业出版社@d2009.10 | |
| 215 | @a183页@c图@d18cm | |
| 225 | 2 | @a建筑工程新技术从书@Ajian zhu gong cheng xin ji shu cong shu |
| 330 | @a本书是《建筑工程新技术丛书》之五,以围护结构节能技术及新型空调和采暖技术为专题,详细介绍了近些年,在建筑工程施工领域所采用的新技术、新工艺和新材料,旨在为新技术的推广应用起到促进作用。 | |
| 410 | 0 | @12001 @a建筑工程新技术从书 |
| 606 | 0 | @a房屋建筑设备:空气调节设备@Afang wu jian zhu she bei kong qi tiao jie she bei@x新技术应用 |
| 606 | 0 | @a房屋建筑设备:采暖设备@Afang wu jian zhu she bei cai nuan she bei@x新技术应用 |
| 606 | 0 | @a建筑物@Ajian zhu wu@x围护结构@x节能@j新技术应用 |
| 690 | @aTU83-39@v4 | |
| 690 | @aTU111.4@v4 | |
| 701 | 0 | @a林寿@Alin shou@4主编 |
| 701 | 0 | @a杨嗣信@Ayang si xin@4主编 |
| 702 | 0 | @a余志成@Ayu zhi cheng@4副主编 |
| 801 | 0 | @aCN@c20100515 |
| 905 | @dTU111.4@eL518@f5 | |
| 围护机构节能技术新型空调和采暖技术/林寿, 杨嗣信主编/余志成 … [等] 副主编.-北京:中国建筑工业出版社,2009.10 |
| 183页:图;18cm.-(建筑工程新技术从书) |
| ISBN 978-7-112-11133-6:CNY16.00 |
| 本书是《建筑工程新技术丛书》之五,以围护结构节能技术及新型空调和采暖技术为专题,详细介绍了近些年,在建筑工程施工领域所采用的新技术、新工艺和新材料,旨在为新技术的推广应用起到促进作用。 |
| ● |
| 相关链接 |
|
|
|
正题名:围护机构节能技术新型空调和采暖技术
索取号:TU111.4/L518
 
预约/预借
| 序号 | 登录号 | 条形码 | 馆藏地/架位号 | 状态 | 备注 |
| 1 | 981578 | 209815789 | 建筑库101/101建筑库 24排2列4层/ [索取号:TU111.4/L518] | 在馆 | |
| 2 | 981579 | 209815798 | 建筑库101/101建筑库 24排2列4层/ [索取号:TU111.4/L518] | 在馆 | |
| 3 | 981580 | 209815805 | 建筑库101/101建筑库 24排3列2层/ [索取号:TU111.4/L518] | 在馆 | |
| 4 | 981581 | 209815814 | 建筑库101/101建筑库 24排3列2层/ [索取号:TU111.4/L518] | 在馆 | |
| 5 | 981582 | 209815823 | 建筑库101/101建筑库 24排2列4层/ [索取号:TU111.4/L518] | 在馆 |